000 00604nam a2200205Ia 4500
003 OSt
005 20260608101544.0
008 210210b1989 xxu||||| |||| 00| 0 eng d
040 _cAL
041 _aKannada
082 _a915.41404K RAGJ
100 _aRAGHAVENDRARAV (H S).
_dರಾಘವೇಂದ್ರರಾವ್ (ಎಚ್. ಎಸ್.)
_9265492
245 _aJana gana mana.
_bಜನ ಗಣ ಮನ
260 _aBengaluru.
_bKarnataka Sahitya Akademi.,
_c1989
300 _a183
650 _aBengal | ಬಂಗಾಳ
_9265493
690 _aTravel
_9265494
906 _a057785
942 _2ddc
_cBK
999 _c105007
_d105007